000 00594nam a22001817a 4500
003 UA-OsUOA
001 14517
007 ta
008 20031007b un ||||| |||| 00| 0 ukr d
100 _aБабінець А.
942 _cSA
040 _aUA-OsUOA
_cUA-OsUOA
_dUA-OsUOA
245 _aЛіцею мій , ти не плід забаганок і моди...: [Про Костоп. спорт. ліцей-інтернат ]
300 _aС.3
955 _a0
773 0 _w0
_tВільне слово
_dРівне
_d2003
_g№72/12 верес./
650 7 _aКраєзнавча робота
_2UDC
999 _c300678
_d300678